| 000 | 00431nam a22001697a 4500 | ||
|---|---|---|---|
| 005 | 20160520152305.0 | ||
| 008 | 160520b xxu||||| |||| 00| 0 eng d | ||
| 020 | _a81-740-099-1 | ||
| 041 | _aeng | ||
| 082 | _b3602 | ||
| 100 |
_aJain R.K. _9890 |
||
| 245 | _aProduction Technology Manufachniry Process, Tech and Automatics | ||
| 260 | _bKhanna Publishing | ||
| 300 | _a1090 | ||
| 650 |
_aDIPLOMA ENGINEERING _9817 |
||
| 942 | _cBK | ||
| 999 |
_c1224 _d1224 |
||